Constituciones políticas de la República de Chile: 1810-2015

Guardat en:
Dades bibliogràfiques
Autor corporatiu: Tribunal Constitucional Chile (Autor)
Format: Llibre
Idioma:espanyol
Publicat: Santiago Diario Oficial de la República de Chile 2015
Edició:2a. ed
Matèries:
Etiquetes: Afegir etiqueta
Sense etiquetes, Sigues el primer a etiquetar aquest registre!

MARC

LEADER 00000cam a2200000 a 4500
001 UCD3939
003 CL-VaPUC
008 160623e20150000cl |||||||||||||||||spa|d
020 |a 9567570183 
082 0 4 |a 342.83  |b TRI  |2 21 
110 2 |a Tribunal Constitucional Chile  |e author  |9 587584 
245 1 0 |a Constituciones políticas de la República de Chile: 1810-2015 
250 |a 2a. ed 
300 |a 606 p 
942 |c BK 
945 |d 20160623 20:47:00  |a dcastane 
260 |a Santiago  |b Diario Oficial de la República de Chile  |c 2015 
650 0 |a Constitución política  |9 336925 
650 0 |a Constitución política de Chile  |9 890575 
650 0 |a Derecho constitucional   |9 222588 
650 0 |a Historia del derecho  |9 255109 
583 |a last modification  |c 20160623 20:47:00  |k Rodrigo Vera 
999 |c 364952  |d 364950 
952 |0 0  |1 0  |3 erb  |4 0  |6 342_830000000000000_TRI_2015  |7 0  |8 R  |9 478582  |a BIBDER  |b BIBDER  |i 5294223  |o 342.83 TRI 2015  |p 5294223  |r 2023-01-25  |w 2019-11-24  |y BK_R  |z Catalogado en:20160623  |k DER 
952 |0 0  |1 0  |3 erb  |4 0  |6 342_830000000000000_TRI_2015  |7 0  |8 R  |9 478583  |a BIBDER  |b BIBDER  |i 5294207  |l 3  |o 342.83 TRI 2015  |p 5294207  |r 2023-01-25  |s 2022-04-20  |w 2019-11-24  |y BK_R  |z Catalogado en:20160623  |k DER